Statistics for Words with a Silent G

Click here to take the quiz!

General Stats

  • This quiz has been taken 6,266 times
  • The average score is 13 of 20

Answer Stats

Definition Word % Correct
Santa's mode of transportationSleigh
91%
Horse's soundNeigh
88%
From a different countryForeign
86%
Mythical dwarf-like creatureGnome
85%
Like a harmless tumorBenign
82%
To bite something persistentlyGnaw
80%
Tiny flying insect that swarms at duskGnat
78%
The period during which a monarch rulesReign
75%
Sparkling white wineChampagne
68%
Italian potato dumplingsGnocchi
64%
Muscle that pushes air from the lungsDiaphragm
61%
Type of perfumeCologne
61%
MucusPhlegm
60%
Subdivision of New York CityBorough
55%
WildebeestGnu
55%
To pretend; To fakeFeign
49%
To grind one's teethGnash
41%
Branch of a treeBough
35%
Lowest rank of naval officerEnsign
35%
To formally charge someone with a crimeArraign
29%

Score Distribution

Percentile by Number Answered

Percent of People with Each Score

Your Score History

You have not taken this quiz